[Event "IECC CL3-2001.16"]
[Site "IECC email"]
[Date "2001.04.29"]
[Round "?"]
[White "Oacnea, Gheorghe"]
[Black "Tomasouw, Izak"]
[Result "1-0"]
[WhiteElo "1928"]
[BlackElo "1674"]
[PlyCount "77"]
[EventDate "2001.??.??"]
[EventType "tourn (corr)"]
[EventRounds "4"]
[SourceTitle "Corr 2008"]
[Source "ChessBase"]
[SourceDate "2008.06.24"]
[SourceVersion "1"]
[SourceVersionDate "2008.06.24"]
[SourceQuality "1"]

1. e4 e6 2. d4 d5 3. e5 c5 4. c3 Nc6 5. Nf3 Qb6 6. Be2 Nh6 7. b3 cxd4 8. Bxh6 gxh6 9. cxd4 Bb4+ 10. Kf1 Bd7 11. a3 Be7 12. Nc3 f6 13. Na4 Qc7 14. exf6 Bxf6 15. Nc5 Rc8 16. Qd2 0-0 17. Re1 b6 18. Nxd7 Qxd7 19. Qe3 Qd6 20. b4 Bg7 21. b5 Na5 22. h4 Rf4 23. Bd3 Nc4 24. Qxe6+ Qxe6 25. Rxe6 Nb2 26. Ke2 Bxd4 27. Nxd4 Rxd4 28. Bf5 Nc4 29. Rh3 Rf4 30. Bd3 Rc5 31. a4 Rc7 32. Rg3+ Kf8 33. Rxh6 Re7+ 34. Kf1 Nd2+ 35. Kg1 Rxa4 36. Rg5 Rd4 37. Rf6+ Ke8 38. Rg8+ Kd7 39. Bf5+ 1-0

[Event "IECC CL3-2001.16"]
[Site "IECC email"]
[Date "2001.04.29"]
[Round "?"]
[White "Suc, Timothy"]
[Black "Oacnea, Gheorghe"]
[Result "0-1"]
[WhiteElo "1801"]
[BlackElo "1914"]
[PlyCount "56"]
[EventDate "2001.??.??"]
[EventType "tourn (corr)"]
[EventRounds "4"]
[SourceTitle "Corr 2008"]
[Source "ChessBase"]
[SourceDate "2008.06.24"]
[SourceVersion "1"]
[SourceVersionDate "2008.06.24"]
[SourceQuality "1"]

1. e4 e5 2. Nf3 Nc6 3. Nc3 Nf6 4. d4 exd4 5. Nd5 Be7 6. Bc4 0-0 7. 0-0 d6 8. Nxd4 Ne5 9. Bb3 c5 10. Nf5 Bxf5 11. exf5 c4 12. Ba4 a6 13. c3 b5 14. Bc2 Nxd5 15. Qxd5 Re8 16. Re1 Rc8 17. Qb7 Rb8 18. Qxa6 Rb6 19. Qa3 d5 20. b4 Bxb4 21. cxb4 Nf3+ 22. gxf3 Rxe1+ 23. Kg2 d4 24. h4 Re8 25. Bg5 Qd6 26. Be4 h6 27. Bc1 Ra6 28. Qb2 Rd8 0-1

[Event "IECC CL3-2001.16"]
[Site "IECC email"]
[Date "2001.04.29"]
[Round "?"]
[White "Vaillancourt, Stephane"]
[Black "Oacnea, Gheorghe"]
[Result "1/2-1/2"]
[WhiteElo "1969"]
[BlackElo "1925"]
[PlyCount "31"]
[EventDate "2001.??.??"]
[EventType "tourn (corr)"]
[EventRounds "4"]
[SourceTitle "Corr 2008"]
[Source "ChessBase"]
[SourceDate "2008.06.24"]
[SourceVersion "1"]
[SourceVersionDate "2008.06.24"]
[SourceQuality "1"]

1. d4 g6 2. c4 Bg7 3. Nc3 e5 4. dxe5 Nc6 5. f4 d6 6. exd6 Bxc3+ 7. bxc3 cxd6 8. Nf3 Nf6 9. e3 Qa5 10. Qc2 Bf5 11. Bd3 Bxd3 12. Qxd3 0-0-0 13. 0-0 Rhe8 14. Nd4 Ne4 15. Bb2 Qa4 16. Nxc6 1/2-1/2